Normal view
MARC view
- Polenz, Katherine
Entry Personal Name
001 - CONTROL NUMBER
- control field: 4590
003 - CONTROL NUMBER IDENTIFIER
- control field: OSt
005 - DATE AND TIME OF LATEST TRANSACTION
- control field: 20171201102734.0
008 - FIXED-LENGTH DATA ELEMENTS
- fixed length control field: 171201|| aca||aabn | a|a d
040 ## - CATALOGING SOURCE
- Original cataloging agency: OSt
- Transcribing agency: OSt
100 ## - HEADING--PERSONAL NAME
- Personal name: Polenz, Katherine
670 ## - SOURCE DATA FOUND
- Source citation: Work cat.: (OSt): Polenz, Katherine, Vegiterian Cooking, 2012